|
|
|
|
| LEADER |
00000cam a2200000 4500 |
| 001 |
vtls012233909 |
| 003 |
SK-MaSNL |
| 005 |
20260301173735.0 |
| 008 |
230626s2023 xo f np 000 0 slo |
| 015 |
|
|
|a SNBA2023/08
|
| 020 |
|
|
|a 9788082240064
|q (viazané)
|
| 040 |
|
|
|a SNK
|b slo
|c SNK
|e rda
|
| 041 |
0 |
|
|a slo
|
| 044 |
|
|
|a xo
|c SK
|
| 072 |
|
7 |
|a 34
|x Právo
|2 konspekt
|
| 072 |
|
7 |
|a 37.016
|x Učebné osnovy. Vyučovacie predmety. Učebnice
|2 konspekt
|
| 080 |
|
|
|a 340.12
|2 2011
|
| 080 |
|
|
|a (075.8)
|2 2011
|
| 080 |
|
|
|a 34
|2 2011
|
| 100 |
1 |
|
|a Prusák, Jozef,
|d 1942-2018
|4 aut
|9 19305
|
| 245 |
1 |
0 |
|a Teória práva
|c Jozef Prusák ; editori Alexander Bröstl, Pavel Holländer
|
| 264 |
|
1 |
|a Krásno nad Kysucou
|b Absynt - Kalligram
|c 2023
|
| 300 |
|
|
|a 644 strán
|c 20 cm
|
| 336 |
|
|
|a text
|b txt
|2 rdacontent
|
| 337 |
|
|
|a bez média
|b n
|2 rdamedia
|
| 338 |
|
|
|a zväzok
|b nc
|2 rdacarrier
|
| 490 |
1 |
|
|a Exempla Iuris
|
| 500 |
|
|
|a Biografické informácie o autorovi
|
| 500 |
|
|
|a Vydalo Vydavateľstvo Absynt pod značkou Kalligram
|
| 504 |
|
|
|a Obsahuje bibliografiu na strane 632-644 a bibliografické odkazy
|
| 650 |
0 |
7 |
|a teória práva
|2 SNKPH
|9 2685
|
| 650 |
0 |
7 |
|a právo
|2 SNKPH
|9 976
|
| 650 |
0 |
7 |
|a Law
|2 SNKPHeng
|9 265417
|
| 650 |
0 |
7 |
|a Theory of law
|2 SNKPHeng
|9 266463
|
| 655 |
|
7 |
|a učebnice vysokých škôl
|2 SNKPH
|9 70191
|
| 655 |
|
7 |
|a Textbooks (higher)
|2 SNKPHeng
|9 276436
|
| 700 |
1 |
|
|a Bröstl, Alexander,
|d 1953-
|4 edt
|9 85115
|
| 700 |
1 |
|
|a Holländer, Pavel,
|d 1953-
|4 edt
|9 100483
|
| 710 |
2 |
|
|a non.fiction, o.z. (Krásno nad Kysucou, Slovensko)
|4 pbl
|9 371764
|
| 830 |
|
0 |
|a Exempla Iuris
|9 344307
|
| 852 |
|
|
|a Slovenská národná knižnica
|
| 919 |
|
|
|a 978-80-8224-006-4
|
| 954 |
|
|
|a odborná, vedecká literatúra pôvodná (slovenská)
|2 lita
|
| 958 |
|
|
|a NB
|
| 999 |
|
|
|c 837553
|d 839483
|
| 952 |
|
|
|a SNK
|b SNK
|y PREZ
|7 0
|p 17A1532357
|o snkSD 91781
|i snk2023/11819
|8 0
|0 0
|1 0
|4 0
|d 2023-08-08
|l 0
|r 2026-02-24 03:59:17
|w 2026-02-24
|
| 952 |
|
|
|a SNK
|b SNK
|y VYP
|7 0
|p 17A1532359
|o snkSD 91781 D1
|i snk2023/11820
|8 0
|0 0
|1 0
|4 0
|d 2023-08-08
|l 1
|m 1
|r 2026-04-13 14:24:58
|s 2026-03-13
|w 2026-02-24
|